| 000 | 00506nam a2200181Ia 4500 | ||
|---|---|---|---|
| 005 | 20250326141751.0 | ||
| 008 | 250326s9999 xx 000 0 und d | ||
| 037 | _aTextbook | ||
| 040 |
_aFMSL _beng _cFMSL |
||
| 041 |
_aeng _2eng |
||
| 084 |
_aXN.44 M4 _qFMSL |
||
| 100 |
_aGanapathy R S _995835 |
||
| 245 | 0 |
_aIssues in energy policy and management _cGanapathy R S |
|
| 260 |
_aAhmedabad _bAhmedabad, I I M _c1984 |
||
| 300 | _a364p | ||
| 942 |
_cTB _hXN.44 M4 |
||
| 999 |
_c1291871 _d1291871 |
||